|
|
|
|
| LEADER |
04705nam a2200577 4500 |
| 001 |
978-3-030-04370-4 |
| 003 |
DE-He213 |
| 005 |
20191024072609.0 |
| 007 |
cr nn 008mamaa |
| 008 |
190328s2019 gw | s |||| 0|eng d |
| 020 |
|
|
|a 9783030043704
|9 978-3-030-04370-4
|
| 024 |
7 |
|
|a 10.1007/978-3-030-04370-4
|2 doi
|
| 040 |
|
|
|d GrThAP
|
| 050 |
|
4 |
|a HD28-70
|
| 072 |
|
7 |
|a KJMV6
|2 bicssc
|
| 072 |
|
7 |
|a BUS087000
|2 bisacsh
|
| 072 |
|
7 |
|a KJMV6
|2 thema
|
| 072 |
|
7 |
|a PDG
|2 thema
|
| 082 |
0 |
4 |
|a 658.514
|2 23
|
| 245 |
1 |
0 |
|a Emerging Technologies for Economic Development
|h [electronic resource] /
|c edited by Dirk Meissner, Leonid Gokhberg, Ozcan Saritas.
|
| 250 |
|
|
|a 1st ed. 2019.
|
| 264 |
|
1 |
|a Cham :
|b Springer International Publishing :
|b Imprint: Springer,
|c 2019.
|
| 300 |
|
|
|a XII, 332 p. 91 illus., 87 illus. in color.
|b online resource.
|
| 336 |
|
|
|a text
|b txt
|2 rdacontent
|
| 337 |
|
|
|a computer
|b c
|2 rdamedia
|
| 338 |
|
|
|a online resource
|b cr
|2 rdacarrier
|
| 347 |
|
|
|a text file
|b PDF
|2 rda
|
| 490 |
1 |
|
|a Science, Technology and Innovation Studies,
|x 2570-1509
|
| 505 |
0 |
|
|a Chapter 1: What do Emerging Technologies Mean for Economic Development? -- Part 1: MATERIALS AND MANUFACTURING -- Chapter 2: New Materials: the Case of Carbon Fibers -- Chapter 3: Nanotechnology for High-tech Industries: Light Emitting Diodes -- Chapter 4: Technology Use in Traditional Industries - Catalysts for Petroleum Refining -- Part 2: ENERGY AND TRANSPORT -- Chapter 5: Renewable Energy Technological Potential Assessment for Evidence-based Policy-making -- Chapter 6: Global Market Creationfor Fuel Cell Electric Vehicles -- Chapter 7: Technology Roadmaps: Emerging Technologies in the Aircraft and Shipbuilding Industries -- Part 3: LIVING SYSTEMS AND ENVIRONMENT -- Chapter 8: Water Treatment and Purification: Technological Responses to Grand Challenges -- Chapter 9: Emerging Technologies Identification in Foresight and Strategic Planning: Case of Agriculture and Food Sector -- Chapter 10: Technology Assessment for Container Closure Integrity Testing Technology for Biotech Industry -- Chapter 11: Emerging Technologies, Trends and Wild Cards in Human Enhancement -- Part 4: SECURITY -- Chapter 12: Illuminating the "Dark Side" of Emerging Technologies -- Chapter 13: Defence and Security: New Issues and Impacts -- Chapter 14: Defence 4.0: Internet of Things in Military -- Part 5: CHALLENGES TO STI POLICY -- Chapter 15: How to Stimulate Emergence and Convergence of Technologies? .
|
| 520 |
|
|
|a This book provides an impressive overview of emerging technologies, especially nanotechnologies and biotechnologies and their prospective applications. It identifies and describes existing and potential markets for emerging technology-based applications and projects scenarios for macroeconomic development based on these technologies. Integrated roadmaps for the development of a nano- and bioindustry are shown and policy measures and corporate strategies developed to advance these technologies. These measures are illustrated using roadmaps and policy case studies.The book combines a practical, comprehensive overview of the technical side of emerging technologies and their applications in various fields with an analysis of market developments and characteristics. .
|
| 650 |
|
0 |
|a Management.
|
| 650 |
|
0 |
|a Industrial management.
|
| 650 |
|
0 |
|a Economic policy.
|
| 650 |
|
0 |
|a Nanotechnology.
|
| 650 |
|
0 |
|a Macroeconomics.
|
| 650 |
1 |
4 |
|a Innovation/Technology Management.
|0 http://scigraph.springernature.com/things/product-market-codes/518000
|
| 650 |
2 |
4 |
|a R & D/Technology Policy.
|0 http://scigraph.springernature.com/things/product-market-codes/W43000
|
| 650 |
2 |
4 |
|a Nanotechnology and Microengineering.
|0 http://scigraph.springernature.com/things/product-market-codes/T18000
|
| 650 |
2 |
4 |
|a Macroeconomics/Monetary Economics//Financial Economics.
|0 http://scigraph.springernature.com/things/product-market-codes/W32000
|
| 650 |
2 |
4 |
|a Economic Policy.
|0 http://scigraph.springernature.com/things/product-market-codes/W34010
|
| 700 |
1 |
|
|a Meissner, Dirk.
|e editor.
|4 edt
|4 http://id.loc.gov/vocabulary/relators/edt
|
| 700 |
1 |
|
|a Gokhberg, Leonid.
|e editor.
|4 edt
|4 http://id.loc.gov/vocabulary/relators/edt
|
| 700 |
1 |
|
|a Saritas, Ozcan.
|e editor.
|4 edt
|4 http://id.loc.gov/vocabulary/relators/edt
|
| 710 |
2 |
|
|a SpringerLink (Online service)
|
| 773 |
0 |
|
|t Springer eBooks
|
| 776 |
0 |
8 |
|i Printed edition:
|z 9783030043681
|
| 776 |
0 |
8 |
|i Printed edition:
|z 9783030043698
|
| 830 |
|
0 |
|a Science, Technology and Innovation Studies,
|x 2570-1509
|
| 856 |
4 |
0 |
|u https://doi.org/10.1007/978-3-030-04370-4
|z Full Text via HEAL-Link
|
| 912 |
|
|
|a ZDB-2-BUM
|
| 950 |
|
|
|a Business and Management (Springer-41169)
|